000 00772nam a2200229Ii 4500
003 JO-AjNU
008 230605s9999||||xx |||||||||||||| ||und||
017 _a2548/12/2001
020 _a978-9957-07-270-6
040 _aJO-AjNU
_bara
_erda
_cJO-AjNU
041 _aara
050 1 4 _aDT20.W37.2002
100 3 _aحميدي، جعفر عباس,
_eauthor
_960178
245 0 0 _aتاريخ افريقيا الحديث والمعاصر
250 _aط1
264 3 1 _aعمان: دار الفكر للطباعة والنشر والتوزيع، 2002
300 _a304ص
336 _atext
_btxt
_2rdacontent
337 _aunmediated
_bn
_2rdamedia
338 _avolume
_bnc
_2rdacarrier
650 4 _a تاريخ حديث ومعاصر - افريقيا -التاريخ
_960179
999 _aA27122
_c30690
_d30690